00281nam a2200097Ia 4500008004000000082001500040100002300055245004300078260005400121300000800175210210b1990 xxu||||| |||| 00| 0 eng d a225.7 BARD aBARCLAY (William). aDaily study bible: the gospel of mark. aBangalorebTheological Publication in Indiac1990 a371